000 00659nam a2200229 a 4500
001 BRCA_7661
005 20190320205931.0
008 260713s1956----po-#######---#000-0#por-#
041 _apor
044 _apo
050 4 _aN3215
_b.F86 1956
245 1 0 _aFundacao Museu do Caramulo
_bestatutos.
260 _aLisboa
_bOficina Gráfica
_c1956
300 _a1 v. (sin paginación)
_c19 cm.
500 _aT81
610 2 4 _aMuseu do Caramulo (Portugal)
_918896
650 1 4 _aEstatutos
_vFundaciones
_zCaramulo, Portugal
_918897
650 1 4 _aArte
_zCaramulo, Portugal
_918898
650 1 4 _aGalerías y museos
_zPortugal
_918899
902 _aGFM
942 _2lcc
_cB
999 _c7335
_d7335